000 00694nam a2200253Ia 4500
005 20250425160725.0
008 250425s9999 xx 000 0 und d
041 _aspa
082 _a620.85
110 _aESPOL (ESCUELA SUPERIOR POLITECNICA DEL LITORAL)
245 0 _aINTRODUCCION A LA INGENIERIA AMBIENTAL
250 _a1A ED.
260 _aEcuador
_bESPOL: INSTITUTO DE CIENCIAS HUMANISTICAS Y ECONOMICAS
_c1993
260 _aGUAYAQUIL
300 _a263
650 _aADAPTACION
650 _aCONTAMINACION DEL AGUA
650 _aCONTAMINACION DEL AIRE
650 _aDESECHOS SOLIDOS
650 _aINGENIERIA AMBIENTAL
650 _aRUIDO
942 _c01
010 _a3549
999 _c194892
_d194892